| 000 | 01318nam a2200325Ia 4500 | ||
|---|---|---|---|
| 001 | ebr10325872 | ||
| 003 | CaPaEBR | ||
| 006 | m u | ||
| 007 | cr cn||||||||| | ||
| 008 | 090220s2009 enka s 001 0 eng d | ||
| 010 | _z 2009007665 | ||
| 020 | _z9780754664758 (hardcover : alk. paper) | ||
| 040 |
_aCaPaEBR _cCaPaEBR |
||
| 035 | _a(OCoLC)461293678 | ||
| 050 | 1 | 4 |
_aML3830 _b.A84 2009eb |
| 100 | 1 |
_aAshley, Martin, _d1953- |
|
| 245 | 1 | 0 |
_aHow high should boys sing? _h[electronic resource] : _bGender, authenticity and credibility in the young male voice / _cMartin Ashley. |
| 260 |
_aFarnham, England ; _aBurlington, VT : _bAshgate Pub., _c2009. |
||
| 300 |
_axii, 182 p. : _bill. |
||
| 500 | _aIncludes index. | ||
| 533 |
_aElectronic reproduction. _bPalo Alto, Calif. : _cebrary, _d2009. _nAvailable via World Wide Web. _nAccess may be limited to ebrary affiliated libraries. |
||
| 650 | 0 |
_aSinging _xSocial aspects. |
|
| 650 | 0 |
_aBoys _xPsychology. |
|
| 650 | 0 | _aVoice, Change of. | |
| 650 | 0 |
_aSinging _xInstruction and study _zGreat Britain. |
|
| 650 | 0 |
_aSinging _xPsychological aspects. |
|
| 655 | 7 |
_aElectronic books. _2local |
|
| 710 | 2 | _aebrary, Inc. | |
| 856 | 4 | 0 |
_uhttp://site.ebrary.com/lib/rucke/Doc?id=10325872 _zAn electronic book accessible through the World Wide Web; click to view |
| 999 |
_c74319 _d74319 |
||